Sahitya sourabh : (Record no. 9214)

MARC details
000 -LEADER
fixed length control field 00464cam a2200181ua 4500
008 - FIXED-LENGTH DATA ELEMENTS--GENERAL INFORMATION
fixed length control field 171014n ii |||gr||||Z||||||asm
040 ## - CATALOGING SOURCE
Transcribing agency MAIN
041 ## - LANGUAGE CODE
-- asm
082 ## - DEWEY DECIMAL CLASSIFICATION NUMBER
Classification number 891.451
100 ## - MAIN ENTRY--PERSONAL NAME
Personal name Deka, Tarani,
Relator term
245 ## - TITLE STATEMENT
Title Sahitya sourabh :
Remainder of title class XI /
Statement of responsibility, etc. Ed. by Tarani Deka and others .
250 ## - EDITION STATEMENT
Edition statement 7th enl. ed.
260 ## - PUBLICATION, DISTRIBUTION, ETC.
Place of publication, distribution, etc. Guwahati:
Name of publisher, distributor, etc. Jyoti prakashan,
Date of publication, distribution, etc. 2017.
300 ## - PHYSICAL DESCRIPTION
Extent 181p.
942 ## - ADDED ENTRY ELEMENTS (KOHA)
Koha item type Books
653 ## - INDEX TERM--UNCONTROLLED
Uncontrolled term Assamese text book
Holdings
Withdrawn status Lost status Damaged status Not for loan Home library Current library Shelving location Date acquired Total Checkouts Full call number Barcode Date last seen Copy number Price effective from Koha item type Date last checked out
        Naharkatiya College Library Naharkatiya College Library General Stacks 19/09/2020   891.451 | SAH 24105 19/09/2020 5 19/09/2020 Books  
        Naharkatiya College Library Naharkatiya College Library General Stacks 19/09/2020   891.451 | SAH 24106 24/09/2021 4 19/09/2020 Books  
        Naharkatiya College Library Naharkatiya College Library General Stacks 19/09/2020 4 891.451 | SAH 24107 23/07/2022 3 19/09/2020 Books 14/07/2022
        Naharkatiya College Library Naharkatiya College Library General Stacks 19/09/2020   891.451 | SAH 24108 19/09/2020 2 19/09/2020 Books  
        Naharkatiya College Library Naharkatiya College Library General Stacks 19/09/2020   891.451 | SAH 24109 19/09/2020 1 19/09/2020 Books  

Naharkatiya College © 2020. All rights reserved.

Powered By